[Event "DRUGA LIGA CENTRALNE SRBIJE 2011 - ZAPAD"]
[Site "?"]
[Date "2011.10.15"]
[Round "9.6"]
[White "Zivkovic, Sava"]
[Black "Brajovic, Miroljub"]
[Result "1-0"]
[WhiteElo "2302"]
[BlackElo "2159"]
[PlyCount "77"]
[EventDate "2011.09.11"]

1. e4 d5 2. exd5 Nf6 3. d4 Qxd5 4. Nc3 Qa5 5. Nf3 c6 6. Bc4 e6 7. Bd2 Qd8 8.
Qe2 Be7 9. O-O-O a5 10. Bg5 Nbd7 11. h4 Nb6 12. Bd3 Nbd5 13. Ne4 Nb4 14. Bxf6
Bxf6 15. Nxf6+ Qxf6 16. a3 Nd5 17. g3 Qe7 18. Ne5 Bd7 19. c4 Nc7 20. Rhe1 b5
21. d5 cxd5 22. cxd5 Rb8 23. d6 Qxd6 24. Bc4 Nd5 25. Bxd5 exd5 26. Ng6+ Be6 27.
Nxh8 Kf8 28. Qe5 Qxe5 29. Rxe5 Kg8 30. Nxf7 Kxf7 31. Rde1 Rb6 32. Kd2 Kf6 33.
f4 g6 34. Rc1 a4 35. Ke3 b4 36. axb4 Rxb4 37. Rc6 Re4+ 38. Rxe4 dxe4 39. Kxe4
1-0

[Event "DRUGA LIGA CENTRALNE SRBIJE 2011 - ZAPAD"]
[Site "?"]
[Date "2011.10.15"]
[Round "9.6"]
[White "Musovic, Sabrija"]
[Black "Ignjatovic, Predrag"]
[Result "0-1"]
[WhiteElo "2140"]
[BlackElo "2285"]
[PlyCount "63"]
[EventDate "2011.09.11"]

1. e4 e5 2. Nf3 Nc6 3. Bb5 a6 4. Ba4 Nf6 5. O-O Nxe4 6. Re1 Nc5 7. Bxc6 dxc6 8.
Nxe5 Be7 9. d4 Nd7 10. Qe2 Nxe5 11. dxe5 Bf5 12. Nc3 Qd7 13. Be3 O-O-O 14. f4
Qe6 15. Bf2 Rd7 16. Qe3 b6 17. Ne4 Rhd8 18. a4 a5 19. h3 h5 20. b3 Kb7 21. Re2
Qg6 22. Rae1 Bb4 23. Rf1 Be7 24. Kh2 h4 25. Rfe1 Kb8 26. Qf3 Rd5 27. Nc3 Rd2
28. e6 fxe6 29. Qxc6 R2d6 30. Qc4 Rd2 31. Rxd2 Rxd2 32. Ne4 0-1

[Event "DRUGA LIGA CENTRALNE SRBIJE 2011 - ZAPAD"]
[Site "?"]
[Date "2011.10.15"]
[Round "9.6"]
[White "Ljubinkovic, Miodrag"]
[Black "Sadikovic, Samir"]
[Result "1-0"]
[WhiteElo "2275"]
[BlackElo "2126"]
[PlyCount "89"]
[EventDate "2011.09.11"]

1. d4 d5 2. Nf3 Bf5 3. c3 e6 4. Qb3 Qc8 5. Bf4 Bd6 6. Bg3 Nf6 7. Nbd2 Nbd7 8.
e3 O-O 9. Bxd6 cxd6 10. Nh4 Bg6 11. Nxg6 hxg6 12. Bd3 e5 13. Be2 Re8 14. Nf3
Nb6 15. Nd2 Qf5 16. h3 g5 17. a4 Re7 18. g4 Qc8 19. a5 Nbd7 20. Nf3 Nf8 21.
Nxg5 Ng6 22. Nf3 e4 23. Nd2 Nh4 24. Rg1 g5 25. Nf1 b6 26. a6 Qe6 27. Ng3 Rc7
28. Nf5 Nxf5 29. gxf5 Qxf5 30. h4 g4 31. Qd1 Qh5 32. Bxg4 Qxh4 33. Kd2 Kf8 34.
Be2 Ke7 35. Rh1 Qxf2 36. Rf1 Qh4 37. Rf4 Qh6 38. Qf1 Rg8 39. Qf2 Rg6 40. Rf1
Rc8 41. Bh5 Qxh5 42. Rxf6 Rg7 43. Rxd6 Rg2 44. Qxg2 Kxd6 45. Qg7 1-0

[Event "DRUGA LIGA CENTRALNE SRBIJE 2011 - ZAPAD"]
[Site "?"]
[Date "2011.10.15"]
[Round "9.6"]
[White "Savic, Dragan"]
[Black "Vizlina, Branisa"]
[Result "1/2-1/2"]
[WhiteElo "2174"]
[BlackElo "2046"]
[PlyCount "102"]
[EventDate "2011.09.11"]

1. e4 Nc6 2. Nf3 d5 3. e5 Bg4 4. Bb5 e6 5. Bxc6+ bxc6 6. c3 Ne7 7. O-O Bxf3 8.
Qxf3 Ng6 9. Re1 Be7 10. d3 O-O 11. Qg4 c5 12. Nd2 c6 13. Nf3 h6 14. g3 Kh7 15.
h4 Re8 16. Nh2 Nf8 17. Qh5 f5 18. exf6 Bxf6 19. Ng4 Nd7 20. Bxh6 g6 21. Nxf6+
Qxf6 22. Qg5 Qf7 23. Qd2 Qf5 24. Bf4 e5 25. Bg5 Re6 26. Re2 Rf8 27. Rae1 Rf7
28. a3 a5 29. c4 a4 30. Qc2 Qf3 31. Qxa4 Qxd3 32. cxd5 cxd5 33. Qg4 Qf5 34.
Qxf5 gxf5 35. Rd1 d4 36. b4 cxb4 37. axb4 Rb6 38. Rb2 Nc5 39. f4 Na4 40. Rbd2
Nc3 41. Re1 exf4 42. Bxf4 Rxb4 43. Re6 Ne4 44. Ra2 Rfb7 45. Re5 Rb1+ 46. Kg2
R7b2+ 47. Rxb2 Rxb2+ 48. Kf1 Kg6 49. Rd5 Rb1+ 50. Kg2 Rb2+ 51. Kf1 Rb1+ 1/2-1/2